| 000 | 00354nam a2200133Ia 4500 | ||
|---|---|---|---|
| 008 | 220216s9999 xx 000 0 und d | ||
| 100 | _aFernando P J | ||
| 245 | 0 | _aKyoto protocol: Govts and corporates share responsibility | |
| 260 |
_bRubber Asia _c2005 |
||
| 300 | _a39-40,103 | ||
| 650 | _aKyoto protocol | ||
| 700 | _aFernando Surin M | ||
| 942 | _cJS | ||
| 999 |
_c61898 _d61898 |
||